000
00262nam a2200097Ia 4500
001
679682
005
20250826161100.0
008
250824s9999 xx 000 0 und d
245
0
_a
BEN,ÇINAR AĞACI VE PUFBÖREĞİ
_c
ZEYNEP CEMALİ
260
_b
GÜNIŞIĞI YAYINLARI
999
_c
679682
_d
679682